Statistiken für Pokédex Quiz Generation 1

Klicken Sie hier um das Quiz zu spielen!

Allgemein

  • Dieses Quiz wurde 92 mal gespielt
  • Das Durchschnittsergebnis liegt bei 8 aus 15

Antwortstatistiken

Pokédex-EintragAntwort% Korrekt
Der Schleim dieses Pokémon ist so toxisch, dass selbst seine Fußspuren Gift enthalten.Sleimok
90%
Dieses Pokémon kann die Tentakel bei der Jagd ausfahren, um die Beute leichter zu fangen.Tentoxa
85%
Viele Experten bezweifeln die Existenz dieses Pokémon. Nur wenige Personen haben es gesehen.Mew
83%
Dieses Pokémon stählt sorgsam seine Muskeln. Es trainiert sehr viele Kampfsportarten.Machollo
82%
Weil die Schwanzflosse dieses Pokémon bauschig wie ein Ballkleid ist, nennt man es die Wasserkönigin.Goldini
67%
Dieses Pokémon erschreckt bei Vollmond gerne Passanten mit furchterregenden Schattenspielen.Gengar
65%
Dieses Pokémon kann sich dank seines orangefarbenen Körpers perfekt im Feuer verstecken.Magmar
58%
Dieses Pokémon sabbert nicht. Es sondert einen speziellen Nektar ab, um seine Beute anzulocken.Duflor
51%
Ein seltsames Pokémon, das seine Kräfte nach einem Kampf mühelos regeneriert.Sterndu
33%
Ein sehr seltenes Wasser-Pokémon. Man sagt, seine Intelligenz entspräche der eines Menschen.Dragoran
28%
Die urzeitlichen Vorfahren dieses Pokémon waren sehr viel stärker als ihre heutigen Nachkommen.Karpador
28%
Dieses Pokémon ist schnell wie ein Ninja. Man glaubt, mehrere Gegner zu sehen.Sichlor
26%
Durch seine panzerähnliche Körperhülle kann es in bis zu 3600 Grad heißer Lava leben.Rizeros
25%
Der beschwingte Gang dieses Pokémon bezaubert Zuschauer und lässt sie im Takt dazu tanzen.Rossana
19%
Dieses Pokémon besitzt einen harten Panzer. Im Kampf nutzt es außerdem seine enorme Größe.Nidoqueen
8%

Verteilung der Resultate

Perzentil nach korrekt beantworteten Fragen

Anzahl Personen mit jedem Resultat

Ihre Resultats-Entwicklung

Sie haben dieses Quiz noch nicht gespielt